Escudos de la Liga Tucumana de fútbol - Estadísticas

Estadísticas generales
  • Esta prueba ha sido intentada 13 veces
  • La puntuación promedio es 11 de 50
Estadísticas de respuestas
Imagen Respuesta % Correcto
Atlético Tucumán
86%
San Martín de Tucumán
86%
San Lorenzo de Santa Ana
71%
Atlético Ñuñorco
57%
Concepción Fútbol Club
57%
San Jorge
57%
Sportivo Guzmán
57%
Almirante Brown
43%
Atlético Concepción
43%
La Florida
43%
Talleres de Tafí Viejo
43%
Unión del Norte
43%
Atlético Amalia
29%
Central Norte
29%
Deportivo Aguilares
29%
Deportivo Llorens
29%
Graneros
29%
Lastenia
29%
San Fernando
29%
San Pablo
29%
Sportivo Bella Vista
29%
Unión Aconquija
29%
Villa Mitre de Tafí Viejo
29%
All Boys de Tucumán
14%
Argentinos del Norte
14%
Atlético Famaillá
14%
Atlético San José
14%
Atlético Santa Ana
14%
Garmendia Fútbol Club
14%
San Antonio
14%
Sportivo Trinidad
14%
Tucumán Central
14%
20 de Junio
0%
Ateneo Parroquial Alderetes
0%
Atlético Alto Verde
0%
Atlético Azucarera Argentina
0%
Atlético Estación Experimental
0%
Atlético San Juan
0%
Atlético Santa Rosa
0%
Deportivo Cruz Alta
0%
Deportivo La Providencia
0%
Deportivo Marapa
0%
Deportivo Mercedes
0%
Eudoro Avellaneda
0%
Jorge Newbery
0%
Juventud Unida
0%
San Ramón
0%
Santa Bárbara
0%
Santa Lucía Fútbol Club
0%
Unión Simoca
0%
No se encontraron pruebas coincidentes
Distribución de puntuación
Porcentaje de gente con cada puntuación
Porcentaje por número respondido
Historial de tus puntuaciones
No has intentado esta prueba.